Migration of unskilled labour: a study of causes, permanency and assimilation in Nagpur (Record no. 58259)

MARC details
000 -LEADER
fixed length control field 00960nam a2200337Ia 4500
003 - CONTROL NUMBER IDENTIFIER
control field OSt
005 - DATE AND TIME OF LATEST TRANSACTION
control field 20220912150948.0
008 - FIXED-LENGTH DATA ELEMENTS--GENERAL INFORMATION
fixed length control field 220909b |||||||| |||| 00| 0 eng d
020 ## - INTERNATIONAL STANDARD BOOK NUMBER
International Standard Book Number 8170541883 (hbd)
037 ## - SOURCE OF ACQUISITION
Terms of availability Textual
040 ## - CATALOGING SOURCE
Original cataloging agency CSL
Language of cataloging eng
Transcribing agency CSL
041 ## - LANGUAGE CODE
Language code of text/sound track or separate title eng
100 ## - MAIN ENTRY--PERSONAL NAME
Personal name Khandewale S V
245 #0 - TITLE STATEMENT
Title Migration of unskilled labour: a study of causes, permanency and assimilation in Nagpur
260 ## - PUBLICATION, DISTRIBUTION, ETC.
Place of publication, distribution, etc. New Delhi
Name of publisher, distributor, etc. Classical Publishing Company
Date of publication, distribution, etc. 1994
300 ## - PHYSICAL DESCRIPTION
Extent xi, 198p
500 ## - GENERAL NOTE
General note Bibliography 191-198p
650 ## - SUBJECT ADDED ENTRY--TOPICAL TERM
Topical term or geographic name entry element Migration
650 ## - SUBJECT ADDED ENTRY--TOPICAL TERM
Topical term or geographic name entry element Slave-India
650 ## - SUBJECT ADDED ENTRY--TOPICAL TERM
Topical term or geographic name entry element Unskilled labour
650 ## - SUBJECT ADDED ENTRY--TOPICAL TERM
Topical term or geographic name entry element Working class
650 ## - SUBJECT ADDED ENTRY--TOPICAL TERM
Topical term or geographic name entry element Sociology
700 ## - ADDED ENTRY--PERSONAL NAME
Personal name Chorghade S V
942 ## - ADDED ENTRY ELEMENTS (KOHA)
Classification part Y499C:(U42), N4
Koha item type Textual
Source of classification or shelving scheme Colon Classification (CC)
Holdings
Withdrawn status Lost status Damaged status Not for loan Home library Current library Date acquired Source of acquisition Total Checkouts Full call number Barcode Date last seen Price effective from Koha item type
        Central Science Library Central Science Library 2022-09-12 J D S,   Y499C:(U42) N4 SL1173629 2022-09-12 2022-09-12 Textual
Copyright @ Delhi University Library System